| 000 | 01141cam a2200253 i 4500 | ||
|---|---|---|---|
| 003 | SA-RiAUC | ||
| 005 | 20250929124601.0 | ||
| 008 | 250923s1988 jo g 00000 ara c | ||
| 040 |
_aSA-RiAUC _bara _cSA-RiAUC _erda |
||
| 082 | 0 | 4 |
_a230 _qSA-RiAUC |
| 090 |
_a230 ا ب و م _bا ب و م |
||
| 100 | 1 |
_aأبو محمد الأزدي، عبد الغني بن سعيد بن بشر، _d332-409 هجري _eمؤلف. |
|
| 245 | 1 | 2 |
_aالرباعي في الحديث / _cتصنيف عبد الغني بن سعيد الأزدي ؛ قدم له وخرج أحاديثه وعلق عليه علي حسن علي عبد الحميد. |
| 264 | 1 |
_aعمان، الأردن : _bدار عمار للنشر والتوزيع، _c1988 |
|
| 300 |
_a32 صفحة ؛ _c20 سم |
||
| 336 |
_aنص _btxt _2rdacontent _3كتاب |
||
| 337 |
_aبدون وسيط _bn _2rdamedia |
||
| 338 |
_aمجلد _bnc _2rdacarrier |
||
| 650 | 7 |
_aعلم الحديث _2aucsh |
|
| 650 | 7 |
_aالحديث _xرواية _2aucsh |
|
| 700 | 1 |
_aالأثري، علي بن حسن بن علي، _d1960-2020 _eمقدم. |
|
| 942 |
_2ddc _cBOOK _n0 |
||
| 949 |
_aSA-JeALM _d250923 _umohamedma123 _n1 |
||
| 999 |
_c12210 _d12210 |
||